000 00458nam a2200181Ia 4500
001 459
005 20260306140519.0
008 260306t2002||||xx |||||||||||||| ||spa||
041 _aESP
082 _a121
_bG18
100 _aGambra, José Miguel
_eAUT
245 0 _aLa analogía en general :
_bsíntesis tomista de Santiago M. Ramírez
260 _c2002
300 _a305 páginas :
_c24 cm.
650 _aGEN
654 _aCHU
942 _cLIB
_dJUS
_fJUS
_2ddc
_n
999 _c459
_d459